ՀՀ Գիտությունների ազգային ակադեմիայի հիմնարար գիտական գրադարան  =   Fundamental Scientific Library of NAS RA

Гидрология и гидротехнические сооружения / (Record no. 395247)

MARC details
000 -LEADER
fixed length control field 00887nam a22002177a 4500
003 - CONTROL NUMBER IDENTIFIER
control field AM-YeHGA
005 - DATE AND TIME OF LATEST TRANSACTION
control field 20250617153633.0
008 - FIXED-LENGTH DATA ELEMENTS--GENERAL INFORMATION
fixed length control field 171130s xxu||||| |||| 00| 0 rus d
040 ## - CATALOGING SOURCE
Original cataloging agency AM-YeHGA
041 0# - LANGUAGE CODE
Language code of text/sound track or separate title rus
090 ## - LOCALLY ASSIGNED LC-TYPE CALL NUMBER (OCLC); LOCAL CALL NUMBER (RLIN)
-- 397291
100 1# - MAIN ENTRY--PERSONAL NAME
Personal name Голиков, Евгений Григорьевич
245 10 - TITLE STATEMENT
Title Гидрология и гидротехнические сооружения /
Statement of responsibility, etc. Е.Г. Голиков; Горьк. инж.-строит. ин-т им. В.П. Чкалова.
260 ## - PUBLICATION, DISTRIBUTION, ETC.
Place of publication, distribution, etc. Горький :
Name of publisher, distributor, etc. Б. и.,
Date of publication, distribution, etc. 1959.
300 ## - PHYSICAL DESCRIPTION
Extent 157 с. :
Other physical details ил., карт.
504 ## - BIBLIOGRAPHY, ETC. NOTE
Bibliography, etc. note Библиогр.: с. 154
653 0# - INDEX TERM--UNCONTROLLED
Uncontrolled term Гидрология
653 0# - INDEX TERM--UNCONTROLLED
Uncontrolled term Гидротехнические сооружения
710 2# - ADDED ENTRY--CORPORATE NAME
Corporate name or jurisdiction name as entry element Горьковский инженерно-строительный институт им. В.П. Чкалова
942 ## - ADDED ENTRY ELEMENTS (KOHA)
Source of classification or shelving scheme Universal Decimal Classification
Koha item type Գրքեր / Books
Holdings
Withdrawn status Lost status Source of classification or shelving scheme Damaged status Not for loan Collection Home library Current library Date acquired Total checkouts Full call number Barcode Date last seen Price effective from Koha item type Public note
    Universal Decimal Classification     General Fundamental Scientific Library Fundamental Scientific Library 30/11/2017   PIII/2726 FL0467978 30/11/2017 30/11/2017 Գրքեր / Books 30 Days Loan


ՀՀ ԳԱԱ հիմնարար գիտական գրադարան
ՀՀ,Երևան 0019
Մարշալ Բաղրամյան 24/6
հեռախոս:(374-10) 52-47-50
Հետադարձ կապ

All site content, except where otherwise noted, is licensed under a
Creative Commons License